| 000 | 00347nam a2200121Ia 4500 | ||
|---|---|---|---|
| 008 | 190216s9999||||xx |||||||||||||| ||und|| | ||
| 100 | _aBhole. L.M | ||
| 245 | 0 | _a"Financial Institutions And Markets, Structure, Growth And Innovations" | |
| 250 | _a14th Ed. | ||
| 260 |
_bTata Mcgraw Hill Publishing Company Ltd _c1998 |
||
| 300 | _a527 | ||
| 942 | _cBK | ||
| 999 |
_c5661 _d5661 |
||